000 00584nam a22001937a 4500
005 20251108165025.0
008 250721s1997 xx 000 0 ara d
082 1 4 _a216.1/طرط
100 1 _aالطرطوشي، أبو بكر محمد بن الوليد
245 1 0 _aكتاب الحوادث و البدع /
264 1 _aدمشق :
_bالحكمه،
_c1997.
300 _a144ص
650 1 7 _aالإسلام
650 1 7 _aالفقه الإسلامي
650 1 7 _aأصول الفقه
700 1 _aالمدني، سليمان
_eتحقيق
942 _2ddc
_cBK
999 _c20185
_d20185